| 000 | 00952nam a2200217Ia 4500 | ||
|---|---|---|---|
| 999 |
_c36354 _d36354 |
||
| 001 | 2266 | ||
| 003 | GE_BSU | ||
| 005 | 20190503180258.0 | ||
| 008 | 181216s2011||||ge |||||||||||||| ||geo|| | ||
| 040 | _cGE_BSU | ||
| 041 | _ageo | ||
| 080 | _a54(075.8):615.099(07.8) ა-27 | ||
| 100 |
_aადეიშვილი, ლია. _9702 |
||
| 245 |
_aტოქსიკოლოგიური ქიმია : _bსახელმძღვ. ფარმაც. ფაკ-ტის სტუდენტებისათვის; ნ.3, ”აქროლადი” შხამები. ”ლითონური შხამები” პესტიციდები / |
||
| 250 | _aგანმეორებითი გამოც. | ||
| 264 |
_aთბილისი, _c2011. |
||
| 300 | _a55 გვ. | ||
| 653 | _aტოქსიკოლოგიური ქიმია | ||
| 653 | _aშხამები | ||
| 942 |
_cBK _2udc |
||